000 00581nam a2200169 i 4500
001 81716
003 ES-MaACL
005 20250829063116.0
007 t|
008 041105s1958 sp ||||1| spa d
100 1 _aHumanidades, José Joaquín
_964702
245 1 3 _aUn mundo mejor
_b: teatro-novela : comedia dramática con biografía preliminar del protagonista /
_cJosé Joaquín Humanidades.
260 _aMadrid :
_bSociedad General de Autores de España,
_c1958.
300 _a161 p. ;
_c17 cm.
852 _aES-MaACL
_jC-17348
_bR.43845
999 _c81716
_d81716